Entertaining Politicians Quiz Stats

 Plays Quiz Updated Jul 12, 2012

Score 0/26 Timer 07:00
0 Plays Today
Politician Title % Correct
President Josiah 'Jed' BartletThe West Wing
71.4%
Mayor Adam WestFamily Guy
67.3%
Mayor Diamond Joe QuimbyThe Simpsons
66.1%
President David Palmer24
63.2%
Senator PalpatineStar Wars Series
59.4%
President Head of Richard NixonFuturama
50.4%
President Thomas J. WhitmoreIndependence Day
37%
President Andrew ShepherdThe American President
34.7%
Senator Nathan PetrelliHeroes
29.3%
Mayor Randall WinstonSpin City
27.1%
President James MarshallAir Force One
25.4%
President SkroobSpaceballs
23.3%
President Bill MitchellDave
20.9%
Politician Title % Correct
Senator Lucius VorenusRome
19.4%
Senator Jefferson SmithMr Smith Goes To Washington
16.1%
President Laura RoslinBattlestar Galactica
12.9%
Governor Eugene GatlingBenson
11.8%
President Tom BeckDeep Impact
11.2%
President James DaleMars Attacks!
9.2%
Senator Robert McCallisterBrothers & Sisters
8.9%
Governor Jack StantonPrimary Colors
8.9%
Mayor Clarence V. RoyceThe Wire
8.7%
Dictator Adenoid HynkelThe Great Dictator
6.4%
Senator Eleanor ShawThe Manchurian Candidate
6.2%
Mayor E. B. FarnumDeadwood
5.6%
Senator Laine HansonThe Contender
4.9%

You're not logged in!

Compare scores with friends on all Sporcle quizzes.
OR
Log In

Sporcle TV

Today on Sporcle TV


Watch our educational content, quiz creation guides, and fun videos on Sporcle TV.

Show Comments

Extras

Top Quizzes Today


Score Distribution

Your Account Isn't Verified!

In order to create a playlist on Sporcle, you need to verify the email address you used during registration. Go to your Sporcle Settings to finish the process.

Report this User

Report this user for behavior that violates our Community Guidelines.

Details: